LA LETTRE A - Statistiques

Statistiques générales
  • Ce quiz a été pris 109 fois
  • Le résultat moyen est 8 sur 11
Statistiques - réponses
Par images Réponse % Correct
Aubergine
99%
Autruche
99%
Abricot
94%
Avatar
92%
Aviron
87%
Arménie
70%
Angola
67%
Accras
54%
Aston martin
46%
Amiens
44%
Amaretto
26%
Aucun quiz correspondant
Distribution des résultats
% des personnes avec chaque résultat
Percentile par nombre de réponses
Votre historique - résultats
Vous n’avez pas pris ce quiz